Calcareous nannoplankton in flysch sediments of the Bílé Karpaty Unit (the West Carpathians) - Vápnitý nanoplankton ve flyšových sedimentech bělokarpatské jednotky (Západní Karpaty)
| Hlavný autor: | |
|---|---|
| Médium: | Článok |
| Jazyk: | English Czech Russian |
| Témy: | |
| ISBN: |
80-7075-010-3 |
| Zdroj: |
1. Sborník geologických věd 1. Praha : Ústřední ústav geologický, 1990 1. 80-7075-010-3 1. S. 9-65 |
| LEADER | 01516naa a2200385 a 4500 | ||
|---|---|---|---|
| 001 | 000000172 | ||
| 003 | SVKKK | ||
| 005 | 20071018110822.0 | ||
| 008 | 030616c1990 xr e engo | ||
| FMT | |||
| 038 | |a SVKKK | ||
| 040 | |a SVKKK |b slo |e AACR2 | ||
| 041 | 0 | |a eng |b eng |a cze |a rus | |
| 044 | |a xr |c SK | ||
| 080 | |a 56"6153/6231 |2 1981 | ||
| 080 | |a 581.526.32(234.421.1 |2 1981 | ||
| 100 | 1 | |a Švábenická, Lilian |4 aut | |
| 242 | 1 | 0 | |a Vápnitý nanoplanktón vo flyšových sedimentoch bielokarpatskej jednotky (Západné Karpaty) |
| 245 | 1 | 0 | |a Calcareous nannoplankton in flysch sediments of the Bílé Karpaty Unit (the West Carpathians) - Vápnitý nanoplankton ve flyšových sedimentech bělokarpatské jednotky (Západní Karpaty) |c Švábenická Lilian |
| 300 | |b Obr. 3. + |e Príl. (fot.) 12 | ||
| 500 | |a Český preklad anglického názvu | ||
| 504 | |a Res. angl., češ., ruš. Lit. v 118 zázn. v angl., češ., franc., nem., slov. | ||
| 650 | 0 | 4 | |a biostratigrafia |
| 650 | 0 | 4 | |a druhohory |
| 650 | 0 | 4 | |a geológia |
| 650 | 0 | 4 | |a nanoplanktón |x vápnitý |x výskyt |x taxonómia |
| 650 | 0 | 4 | |a paleontológia |
| 650 | 0 | 4 | |a treťohory |x krieda (geol.) |x paleocén |x eocén |z Západné Karpaty |x jednotka bielokarpatská |x súvrstvie magurské |x sedimenty flyšové |x štúdie |
| 773 | 0 | |t Sborník geologických věd |d Praha : Ústřední ústav geologický, 1990 |z 80-7075-010-3 |g S. 9-65 | |
| 958 | |a NP | ||
| 974 | |d 940523 |a 245/123 | ||
| 992 | |a RZB | ||
| BAS | |||
| 852 | |a SVKKK |b BIB | ||
| 998 | |a GEO | ||